| 000 | 00753nam a2200241 i 4500 | ||
|---|---|---|---|
| 001 | 186229 | ||
| 003 | SpMaBN | ||
| 005 | 20231201193419.0 | ||
| 008 | 160923s2015 sp |||| | spa d | ||
| 020 | _a978-84-16447-01-5 | ||
| 080 | _a821.134.2-14"19" | ||
| 100 | 1 |
_aOrtega, Salomé. _987429 |
|
| 245 | 1 | 3 |
_aEl silencio de la luz / _cSalomé Ortega ; prólogo de Luis Eduardo Aute. |
| 250 | _a1ª ed. | ||
| 260 |
_aMadrid : _bPigmalión Edypro, _c2015. |
||
| 300 |
_a120 p. ; _c21 cm. |
||
| 490 | 1 | _aPoesía Pigmalión | |
| 700 | 1 |
_aAute, Luis Eduardo. _923974 |
|
| 830 | 0 |
_aPoesía Pigmalión _9225371 |
|
| 852 |
_aES-MaACL _jA-13819 _9193284 _bR.150896 _cDEPO1 _dOlim: N-6819 |
||
| 942 |
_2udc _cMONOGRAFIA |
||
| 999 |
_c186229 _d186229 |
||